Every Amerie Song on the Billboard Hot 100 - Statistics

General Stats
  • This quiz has been taken 3 times
  • The average score is 3 of 6
Answer Stats
# Year Song % Correct
8 2005 1 Thing
100%
36 2003 Paradise (LL Cool J)
67%
51 2002 Talkin' To Me
67%
23 2002 Why Don't We Fall In Love
67%
89 2008 Fly Like Me (Chingy)
0%
65 2005 I Don't Care (Ricky Martin) ft. Fat Joe
0%
No matching quizzes found
Score Distribution
Percent of People with Each Score
Percentile by Number Answered
Your Score History
You have not taken this quiz